[Event "39th Olympiad Women"]
[Site "Khanty-Mansiysk RUS"]
[Date "2010.09.28"]
[Round "7"]
[White "Muhandiram, R.m.m.u."]
[Black "Kulovana, Eva"]
[Result "0-1"]
[BlackTitle "WGM"]
[WhiteElo "1744"]
[BlackElo "2359"]
[Board "28.1"]
[WhiteTeam "SRI"]
[BlackTeam "CZE"]
[WhiteFideId "9904204"]
[BlackFideId "318779"]
[EventDate "2010.09.21"]
[EventType "team"]

1. e4 c6 2. d4 d5 3. f3 e6 4. Nc3 Qb6 5. Na4 Qa5+ 6. Nc3 Nf6 7. Bd3 b5 8. Bd2 b4
9. Nce2 Ba6 10. Bxa6 Qxa6 11. e5 Nfd7 12. f4 c5 13. Nf3 Nc6 14. O-O cxd4 15.
Nexd4 Bc5 16. Be3 O-O 17. Kh1 Nxd4 18. Bxd4 Rac8 19. Qe1 Qc4 20. Qd2 Bxd4 21.
Nxd4 Nc5 22. Qe3 Qa6 23. Qg3 Ne4 24. Qg4 f5 25. exf6 Rxf6 26. f5 e5 27. Ne6 g6
28. Rf3 Qe2 29. fxg6 Nf2+ 30. Rxf2 Qxg4 31. Rxf6 hxg6 32. Raf1 Re8 33. h3 Qxe6
34. Rxe6 Rxe6 35. Kg1 Kg7 36. Rd1 d4 37. Kf2 Rc6 38. Rd2 Ra6 39. Re2 Kf6 40. a4
bxa3 41. bxa3 Rxa3 42. Ke1 Ke6 43. Kd2 Kd5 44. Rf2 Rg3 45. Re2 e4 46. Ke1 e3 47.
Kd1 Kc4 48. Ke1 Kc3 49. Kd1 Rg5 50. g4 Ra5 51. Ke1 Ra1# 0-1

[Event "39th Olympiad Women"]
[Site "Khanty-Mansiysk RUS"]
[Date "2010.09.28"]
[Round "7"]
[White "Nemcova, Katerina"]
[Black "Basnayake, I.U."]
[Result "1-0"]
[WhiteTitle "WGM"]
[WhiteElo "2283"]
[BlackElo "1746"]
[Board "28.2"]
[WhiteTeam "CZE"]
[BlackTeam "SRI"]
[WhiteFideId "322750"]
[BlackFideId "9901698"]
[EventDate "2010.09.21"]
[EventType "team"]

1. e4 c5 2. Nf3 Nc6 3. d4 cxd4 4. Nxd4 Nf6 5. Nc3 e5 6. Ndb5 d6 7. Bg5 a6 8. Na3
b5 9. Nd5 Be7 10. Bxf6 Bxf6 11. c3 Bg5 12. Nc2 O-O 13. a4 bxa4 14. Rxa4 a5 15.
Bc4 Rb8 16. b3 Kh8 17. O-O f5 18. exf5 Bxf5 19. Nce3 Bg6 20. Be2 e4 21. Nc4 Bf7
22. Kh1 Be6 23. Ra3 Rf5 24. Nce3 Rf8 25. c4 Bxe3 26. Nxe3 Nb4 27. Bg4 Bg8 28.
Qa1 Nd3 29. Kg1 Nc5 30. Qc3 h6 31. Bd1 Nb7 32. Qd4 Nc5 33. Bc2 Bh7 34. Qd2 Nb7
35. Nd5 Qh4 36. Qd4 Ra8 37. Nb6 Rae8 38. Nd5 Qd8 39. b4 axb4 40. Ra7 Rf7 41.
Nxb4 Ref8 42. Ra6 Qf6 43. Qd2 Qe6 44. Nd5 Nc5 45. Raa1 Qe5 46. Rae1 Qb2 47. Rb1
Qe5 48. Ne3 Ra7 49. Rb6 Ra6 50. Rxa6 Nxa6 51. Rd1 Qf4 52. Nf1 Nc5 53. Qxf4 Rxf4
54. Rxd6 Rf8 55. Ne3 Nd3 56. f3 Ra8 57. Bxd3 exd3 58. c5 Kg8 59. c6 Ra1+ 60. Kf2
Rc1 61. g4 Kf8 62. Nf1 Rc2+ 63. Ke1 Rc1+ 64. Kd2 Rxf1 65. Rd8+ Ke7 66. c7 Rf2+
67. Ke1 Rc2 68. c8=Q d2+ 69. Kd1 Rc1+ 70. Kxd2 Rxc8 71. Rxc8 Kf6 72. Ke3 Bb1 73.
f4 Ba2 74. Rc6+ Kf7 75. Ke4 Bb1+ 76. Ke5 Bd3 77. h4 Be2 78. g5 hxg5 79. hxg5 Bf3
80. Rb6 Bg4 81. f5 Be2 82. g6+ Ke7 83. Rb7+ Kf8 84. Rb8+ Ke7 85. Rg8 Bc4 86.
Rxg7+ Kf8 87. f6 Bb3 88. Rb7 Bf7 89. Rb8+ Be8 90. g7+ Kf7 91. Rxe8 Kxe8 92.
g8=Q+ Kd7 93. Qe6+ Kd8 94. Qe7+ Kc8 95. f7 Kb8 96. f8=Q# 1-0

[Event "39th Olympiad Women"]
[Site "Khanty-Mansiysk RUS"]
[Date "2010.09.28"]
[Round "7"]
[White "Senanayake, P.R."]
[Black "Havlikova, Kristyna"]
[Result "0-1"]
[WhiteTitle "WFM"]
[BlackTitle "WIM"]
[WhiteElo "1858"]
[BlackElo "2318"]
[Board "28.3"]
[WhiteTeam "SRI"]
[BlackTeam "CZE"]
[WhiteFideId "9900934"]
[BlackFideId "309672"]
[EventDate "2010.09.21"]
[EventType "team"]

1. d4 Nf6 2. Nf3 g6 3. Bg5 Bg7 4. Nbd2 d5 5. e3 Nbd7 6. Bd3 c5 7. c3 O-O 8. O-O
b6 9. b4 Bb7 10. bxc5 bxc5 11. Rb1 Bc6 12. c4 dxc4 13. Bxc4 Ne4 14. Qc2 Nxd2 15.
Nxd2 Nb6 16. Nb3 Qd7 17. Bf4 Nxc4 18. Qxc4 Bb5 19. Nxc5 Bxc4 20. Nxd7 Bxf1 21.
Kxf1 Rfc8 22. Rb2 f6 23. Ke2 Kf7 24. Kd3 Ke8 25. Nc5 Rc6 26. Rb7 Bf8 27. Kc4 e5
28. Kd5 Rd6+ 29. Kc4 exf4 30. a4 Rc6 31. Kb5 Rb6+ 32. Rxb6 axb6 33. Kxb6 Bxc5+
34. Kxc5 fxe3 35. fxe3 Rxa4 36. e4 Kd7 37. g4 Ra2 38. g5 Ra5+ 39. Kc4 Rxg5 40.
h3 Rh5 0-1

[Event "39th Olympiad Women"]
[Site "Khanty-Mansiysk RUS"]
[Date "2010.09.28"]
[Round "7"]
[White "Sikorova, Olga"]
[Black "Ranasinghe, S.D."]
[Result "1-0"]
[WhiteTitle "WIM"]
[WhiteElo "2290"]
[BlackElo "1822"]
[Board "28.4"]
[WhiteTeam "CZE"]
[BlackTeam "SRI"]
[WhiteFideId "307033"]
[BlackFideId "9902651"]
[EventDate "2010.09.21"]
[EventType "team"]

1. f4 d5 2. Nf3 c5 3. e3 Nc6 4. Bb5 a6 5. Bxc6+ bxc6 6. b3 d4 7. Ba3 dxe3 8.
dxe3 Qa5+ 9. Qd2 Qb6 10. Nc3 e6 11. Na4 Qa7 12. O-O-O Bd7 13. Ne5 Nf6 14. Nxd7
Nxd7 15. Qxd7+ Qxd7 16. Rxd7 Kxd7 17. Nb6+ Kc7 18. Nxa8+ Kb7 19. Rd1 c4 20. Rd7+
Kxa8 21. Rd8+ Kb7 22. Rxf8 Rxf8 23. Bxf8 cxb3 24. axb3 g6 25. c4 Kb6 26. Kc2 Ka5
27. Bc5 h6 28. Kb2 g5 29. Ka3 gxf4 30. b4# 1-0

[Event "39th Olympiad Women"]
[Site "Khanty-Mansiysk RUS"]
[Date "2010.09.28"]
[Round "7"]
[White "Partac, Elena"]
[Black "Kopinits, Anna-Christina"]
[Result "1/2-1/2"]
[WhiteTitle "WGM"]
[BlackTitle "WIM"]
[WhiteElo "2087"]
[BlackElo "2210"]
[Board "29.2"]
[WhiteTeam "MDA"]
[BlackTeam "AUT"]
[WhiteFideId "13901001"]
[BlackFideId "1614142"]
[EventDate "2010.09.21"]
[EventType "team"]

1. e4 c6 2. d4 d5 3. exd5 cxd5 4. Bd3 Nc6 5. c3 Nf6 6. Bf4 Bg4 7. Qb3 Qc8 8. Nd2
e6 9. Ngf3 Be7 10. h3 Bh5 11. O-O O-O 12. Ne5 Nxe5 13. Bxe5 Bg6 14. Bxg6 hxg6
15. Rae1 Qc6 16. Bf4 b5 17. Bg5 b4 18. c4 dxc4 19. Nxc4 Qb7 20. Ne5 Nd5 21. Bxe7
Nxe7 22. Rc1 Nd5 23. Rc2 Rac8 24. Rfc1 Nf4 25. Nc6 Rxc6 26. Rxc6 Ne2+ 27. Kf1
Nxd4 28. Qc4 Nxc6 29. Qxc6 Qb8 30. Qc7 Qb5+ 31. Kg1 Qe2 32. Qxa7 Qxb2 33. Rc7
Qa1+ 34. Kh2 Qe5+ 35. g3 Qe4 36. Rb7 e5 37. Qb6 Ra8 38. Qxb4 Qxb4 39. Rxb4 Rxa2
40. Kg2 f5 41. Rb8+ Kh7 42. h4 e4 43. Re8 g5 44. hxg5 Kg6 45. Re7 Kxg5 46. Rxg7+
Kf6 47. Rb7 e3 48. Kf3 exf2 49. Rb1 Kg5 50. Rf1 Ra3+ 51. Kxf2 Kg4 52. Rg1 Rf3+
53. Ke2 Rxg3 54. Rb1 Ra3 55. Rg1+ Kf4 56. Rb1 Kg4 57. Rg1+ Rg3 58. Rb1 f4 59.
Kf2 Rf3+ 60. Kg2 Ra3 61. Rb2 Rg3+ 62. Kf2 Rh3 63. Kg2 f3+ 64. Kg1 Kg3 65. Rg2+
Kf4 66. Ra2 Rh4 67. Ra4+ Kg3 68. Rxh4 Kxh4 69. Kf2 Kg4 70. Kf1 Kg3 1/2-1/2

[Event "39th Olympiad Women"]
[Site "Khanty-Mansiysk RUS"]
[Date "2010.09.28"]
[Round "7"]
[White "Exler, Veronika"]
[Black "Smokina, Karolina"]
[Result "1/2-1/2"]
[WhiteTitle "WFM"]
[BlackTitle "WGM"]
[WhiteElo "2130"]
[BlackElo "2170"]
[Board "29.3"]
[WhiteTeam "AUT"]
[BlackTeam "MDA"]
[WhiteFideId "1620550"]
[BlackFideId "13900382"]
[EventDate "2010.09.21"]
[EventType "team"]

1. e4 c5 2. c3 d5 3. exd5 Qxd5 4. d4 Nc6 5. Nf3 Bg4 6. dxc5 Qxd1+ 7. Kxd1 e6 8.
Be3 Nf6 9. Bb5 Be7 10. Nd2 O-O 11. h3 Bxf3+ 12. Nxf3 Ne4 13. Bxc6 bxc6 14. Ne5
Rfc8 15. Nd3 a5 16. Kc2 Rab8 17. f3 Nf6 18. Bg5 Rb7 19. Bxf6 Bxf6 20. Rab1 g6
21. b3 Rd7 22. a3 h5 23. b4 Ra8 24. b5 cxb5 25. Rxb5 Rd5 26. Rhb1 Rad8 27. Rd1
Ra8 28. g4 hxg4 29. hxg4 Be7 30. a4 g5 31. c4 Rd4 32. Ne5 Rxd1 33. Kxd1 Rc8 34.
Nd3 Bd8 35. Ke2 Kg7 36. Ke3 Bc7 37. Ke4 f6 38. Nc1 Kg6 39. Nb3 f5+ 40. Ke3 Rh8
41. Nd4 Bf4+ 42. Ke2 fxg4 43. fxg4 Rh2+ 44. Kf1 Rh1+ 45. Kg2 Rh2+ 46. Kg1 Ra2
47. Nxe6 Be3+ 48. Kf1 Rxa4 49. Ke2 Bg1 50. Kd3 Kf6 51. Nxg5 Ra3+ 52. Kc2 Ra2+
53. Kb1 Ra4 54. Ne4+ Ke5 55. Nd2 Be3 56. Nb3 Rxc4 57. Rxa5 Rxg4 58. Kc2 Kd5 59.
Kd3 Bg1 1/2-1/2

[Event "39th Olympiad Women"]
[Site "Khanty-Mansiysk RUS"]
[Date "2010.09.28"]
[Round "7"]
[White "Baciu, Diana"]
[Black "Novkovic, Julia"]
[Result "1/2-1/2"]
[WhiteTitle "WFM"]
[BlackTitle "WFM"]
[WhiteElo "2153"]
[BlackElo "2134"]
[Board "29.4"]
[WhiteTeam "MDA"]
[BlackTeam "AUT"]
[WhiteFideId "13903284"]
[BlackFideId "12000086"]
[EventDate "2010.09.21"]
[EventType "team"]

1. e4 e5 2. Nf3 Nc6 3. Bc4 g6 4. O-O Bg7 5. c3 d6 6. Re1 Qe7 7. d3 Nf6 8. Nbd2
O-O 9. Bb3 Nh5 10. Nf1 h6 11. h3 Kh7 12. Bc2 Nd8 13. d4 Ne6 14. Be3 Nef4 15. Ng3
Bd7 16. Nxh5 Nxh5 17. dxe5 dxe5 18. Qd5 Bc6 19. Qc5 Qf6 20. Nh2 Rfe8 21. Ng4 Qh4
22. Rad1 Nf4 23. Bxf4 exf4 24. f3 h5 25. Nf2 Re5 26. Qc4 Bb5 27. Qxc7 Rg5 28.
Nd3 Qxh3 29. Rd2 Bxd3 30. Bxd3 Qxf3 31. Bf1 Qg4 32. Rf2 f3 33. Qxb7 Re8 34. Qxa7
f5 35. e5 f4 36. e6 h4 37. Qb7 Rxe6 38. Rxe6 Qxe6 39. Qxf3 Be5 40. Rd2 Rg3 41.
Qd5 Qb6+ 42. Kh1 Qf6 1/2-1/2

[Event "39th Olympiad Women"]
[Site "Khanty-Mansiysk RUS"]
[Date "2010.09.28"]
[Round "7"]
[White "Houska, Jovanka"]
[Black "Mazariego-K., Carolina"]
[Result "1-0"]
[WhiteTitle "IM"]
[BlackTitle "WIM"]
[WhiteElo "2426"]
[BlackElo "2086"]
[Board "30.1"]
[WhiteTeam "ENG"]
[BlackTeam "GUA"]
[WhiteFideId "405094"]
[BlackFideId "7300115"]
[EventDate "2010.09.21"]
[EventType "team"]

1. d4 d6 2. Nf3 Nc6 3. e4 e5 4. dxe5 dxe5 5. Qxd8+ Kxd8 6. Bc4 Be6 7. Bxe6 fxe6
8. Be3 Nf6 9. Nbd2 Ng4 10. Bg5+ Be7 11. h3 Nf6 12. O-O-O Ke8 13. Be3 Bd6 14. Ne1
Nd7 15. Nd3 Nb4 16. Nc4 Be7 17. c3 Nc6 18. a4 b6 19. b4 a6 20. Kb2 Bf6 21. Ra1
a5 22. b5 Ne7 23. Rad1 Rd8 24. f4 Ng6 25. f5 exf5 26. exf5 Ne7 27. g4 Nd5 28.
Bd2 e4 29. Rde1 Kf7 30. Rxe4 Nb4 31. Nxb4 axb4 32. Re2 Nc5 33. Kc2 bxc3 34. Bxc3
Bxc3 35. Kxc3 Nxa4+ 36. Kb4 Rd4 37. Rhe1 Rhd8 38. Re7+ Kf8 39. Rxc7 Nb2 40. Kb3
Nd3 41. Ree7 Nc5+ 42. Kb4 Nd3+ 43. Kc3 Nf4 44. Rf7+ Kg8 45. Rxg7+ Kf8 46. Rcf7+
Ke8 47. Ne5 Ne2+ 48. Kb3 Nc1+ 49. Kc2 Rc8+ 50. Rc7 Rxc7+ 51. Rxc7 Ne2 52. f6 Rf4
53. Re7+ Kf8 54. Nd7+ Kg8 55. Rxe2 1-0

[Event "39th Olympiad Women"]
[Site "Khanty-Mansiysk RUS"]
[Date "2010.09.28"]
[Round "7"]
[White "Grigoryan, Meri"]
[Black "Sotomayor Villatoro, Silvi"]
[Result "1-0"]
[WhiteTitle "WFM"]
[WhiteElo "2099"]
[BlackElo "1777"]
[Board "30.3"]
[WhiteTeam "ENG"]
[BlackTeam "GUA"]
[WhiteFideId "13300571"]
[BlackFideId "7301057"]
[EventDate "2010.09.21"]
[EventType "team"]

1. d4 Nf6 2. c4 g6 3. Nc3 Bg7 4. e4 d6 5. h3 O-O 6. Bg5 Nbd7 7. Nf3 e5 8. d5 h6
9. Be3 Kh7 10. g4 Nc5 11. Nd2 Ne8 12. b4 Nd7 13. Bd3 Ndf6 14. Nf1 Ng8 15. Qc2
Ne7 16. Ng3 g5 17. Nf5 Ng6 18. O-O-O Qf6 19. h4 gxh4 20. Rdg1 Nf4 21. Rxh4 Kg8
22. Bxf4 exf4 23. e5 Qxe5 24. Nxh6+ Bxh6 25. Rxh6 Kg7 26. Rh5 Qd4 27. Rgh1 Kf6
28. Nb5 Qb6 29. c5 dxc5 30. Rh6+ Kg7 31. Rxb6 axb6 32. Qc3+ Nf6 33. Rh7+ 1-0

[Event "39th Olympiad Women"]
[Site "Khanty-Mansiysk RUS"]
[Date "2010.09.28"]
[Round "7"]
[White "Vargas, Gabriela"]
[Black "Limontaite, Simona"]
[Result "1/2-1/2"]
[WhiteTitle "WFM"]
[BlackTitle "WIM"]
[WhiteElo "2085"]
[BlackElo "2187"]
[Board "31.1"]
[WhiteTeam "PAR"]
[BlackTeam "LTU"]
[WhiteFideId "3700860"]
[BlackFideId "12802506"]
[EventDate "2010.09.21"]
[EventType "team"]

1. d4 d5 2. Nf3 Nf6 3. Bg5 Ne4 4. Bf4 Nd7 5. e3 Ndf6 6. Nbd2 Bg4 7. Be2 e6 8.
Nxe4 Nxe4 9. Nd2 Bxe2 10. Qxe2 Nxd2 11. Qxd2 Be7 12. O-O O-O 13. Qe2 Qd7 14. c4
c6 15. c5 b6 16. b4 a5 17. a3 axb4 18. axb4 Qb7 19. h3 b5 20. Qc2 Rxa1 21. Rxa1
Ra8 22. Rxa8+ Qxa8 23. f3 Bf6 24. Qb2 Qa4 25. Kf2 h6 26. Ke2 Kh7 27. Kd2 g6 28.
Ke2 Qa8 29. e4 Bg7 30. g4 Qd8 31. exd5 Qxd5 32. Be3 Qc4+ 33. Kf2 Bf6 34. Qd2 Qd5
35. Kg2 h5 36. gxh5 Qxh5 37. Qa2 Qd5 38. Qxd5 exd5 39. f4 Kh6 40. Kh2 Kh5 41.
Kg2 Bd8 42. Bd2 Bf6 43. Be3 Bg7 44. Bf2 Bf8 45. Be1 Be7 46. Bd2 Bh4 47. Kf3 f6
48. Bc3 f5 49. Bd2 Be7 50. Kg2 Bf8 51. Kh2 Bg7 52. Be3 1/2-1/2

[Event "39th Olympiad Women"]
[Site "Khanty-Mansiysk RUS"]
[Date "2010.09.28"]
[Round "7"]
[White "Sarakauskiene, Zivile"]
[Black "Perez, Dalila"]
[Result "1-0"]
[WhiteTitle "WIM"]
[WhiteElo "2171"]
[BlackElo "1684"]
[Board "31.2"]
[WhiteTeam "LTU"]
[BlackTeam "PAR"]
[WhiteFideId "12800864"]
[BlackFideId "3702014"]
[EventDate "2010.09.21"]
[EventType "team"]

1. e4 e6 2. d4 d5 3. Nd2 Nf6 4. e5 Nfd7 5. Bd3 c5 6. c3 Nc6 7. Ne2 Qb6 8. Nf3
Be7 9. O-O cxd4 10. cxd4 O-O 11. Bb1 Rd8 12. Qd3 Nf8 13. a3 Bd7 14. b4 Rac8 15.
Bg5 h6 16. Bd2 a6 17. h3 Na7 18. Nc3 Qc7 19. Re1 Nb5 20. Nd1 Qb8 21. Qe3 Rc7 22.
Qf4 f5 23. exf6 Bxf6 24. a4 Nxd4 25. Nxd4 Rc4 26. Qxb8 Rxb8 27. Nb3 Bxa1 28.
Nxa1 Rbc8 29. Nb2 Rd4 30. Nb3 Rh4 31. Kh2 Re4 32. Bxe4 dxe4 33. Rc1 Rd8 34. Be3
Ng6 35. Nc5 Bc8 36. Nxe4 1-0

[Event "39th Olympiad Women"]
[Site "Khanty-Mansiysk RUS"]
[Date "2010.09.28"]
[Round "7"]
[White "Rojas, Montserrat"]
[Black "Kalvyte, Vesta"]
[Result "0-1"]
[WhiteElo "1609"]
[BlackElo "2097"]
[Board "31.3"]
[WhiteTeam "PAR"]
[BlackTeam "LTU"]
[WhiteFideId "3701670"]
[BlackFideId "12802310"]
[EventDate "2010.09.21"]
[EventType "team"]

1. c4 Nf6 2. d4 g6 3. Nc3 d5 4. Nf3 Bg7 5. e3 O-O 6. cxd5 Nxd5 7. Bc4 Nxc3 8.
bxc3 c5 9. O-O Nc6 10. Qc2 Na5 11. Be2 cxd4 12. cxd4 Bf5 13. Bd3 Rc8 14. Qe2
Bxd3 15. Qxd3 e5 16. Rd1 exd4 17. Nxd4 Qd5 18. Bb2 Nc4 19. Qb3 Qe4 20. Bc3 Nxe3
21. f3 Qh4 22. g3 Qh3 23. Rd2 Rfd8 24. Re1 Nc4 25. Rd3 Ne5 26. Rde3 Rxc3 27.
Qxc3 Nxf3+ 0-1

[Event "39th Olympiad Women"]
[Site "Khanty-Mansiysk RUS"]
[Date "2010.09.28"]
[Round "7"]
[White "Beinoraite, Viktorija"]
[Black "Avalos, Leticia"]
[Result "1-0"]
[BlackTitle "WCM"]
[WhiteElo "2053"]
[BlackElo "1633"]
[Board "31.4"]
[WhiteTeam "LTU"]
[BlackTeam "PAR"]
[WhiteFideId "12803642"]
[BlackFideId "3702073"]
[EventDate "2010.09.21"]
[EventType "team"]

1. d4 Nf6 2. c4 e6 3. Nf3 b6 4. g3 Bb7 5. Bg2 Be7 6. O-O O-O 7. Nc3 d6 8. b3
Nbd7 9. Bb2 h6 10. Qc2 Rb8 11. e4 c5 12. Rad1 Qc8 13. d5 e5 14. Nh4 Nh7 15. Nf5
Qe8 16. Nb5 f6 17. Nbxd6 Bxd6 18. Nxd6 Qh5 19. f4 g5 20. fxe5 Nxe5 21. Rf5 Bc8
22. Nxc8 Rbxc8 23. Bxe5 fxe5 24. Rxe5 Qg6 25. Re6 Rf6 26. Rxf6 Nxf6 27. Qe2 Re8
28. e5 Nh7 29. d6 Nf8 30. d7 Rd8 31. e6 Nxe6 32. Bd5 Kf7 33. Rf1+ Ke7 34. Re1 1-0

[Event "39th Olympiad Women"]
[Site "Khanty-Mansiysk RUS"]
[Date "2010.09.28"]
[Round "7"]
[White "Yuan, Yuanling"]
[Black "Tay, Li Jin Jeslin"]
[Result "1-0"]
[WhiteTitle "WIM"]
[BlackTitle "WFM"]
[WhiteElo "2189"]
[BlackElo "2119"]
[Board "32.1"]
[WhiteTeam "CAN"]
[BlackTeam "SIN"]
[WhiteFideId "8604541"]
[BlackFideId "5800927"]
[EventDate "2010.09.21"]
[EventType "team"]

1. e4 c5 2. Nf3 d6 3. d4 cxd4 4. Nxd4 Nf6 5. Nc3 a6 6. Be3 e5 7. Nb3 Be6 8. f3
Nbd7 9. Qd2 b5 10. O-O-O Nb6 11. Qf2 Nc4 12. Bxc4 bxc4 13. Na5 Qd7 14. g4 Be7
15. g5 Nh5 16. Nd5 Bxd5 17. Rxd5 Qc7 18. Kb1 Rb8 19. Qe2 c3 20. b3 O-O 21. Rhd1
Rfc8 22. Ka1 Nf4 23. Bxf4 exf4 24. Nc4 Rb5 25. h4 g6 26. Qd3 Rxd5 27. Qxd5 Rd8
28. Qd4 Bf8 29. e5 d5 30. Nb6 Qc5 31. Qxc5 Bxc5 32. Nxd5 Kf8 33. Rd3 Re8 34. Nf6
Rc8 35. Nxh7+ Ke7 36. Nf6 Bf2 37. Ne4 Bxh4 38. a3 Rc6 39. b4 Rc8 40. Ka2 Ke6 41.
Rd6+ Kxe5 42. Rxa6 Kd4 43. Rd6+ Ke3 44. Rd3+ Ke2 45. b5 Be1 46. Kb3 Re8 47.
Nxc3+ Kf1 48. Nd5 Ba5 49. Nxf4 Re5 50. Rd1+ 1-0

[Event "39th Olympiad Women"]
[Site "Khanty-Mansiysk RUS"]
[Date "2010.09.28"]
[Round "7"]
[White "Liu, Yang"]
[Black "Lacau-Rodean, Iulia"]
[Result "1-0"]
[WhiteTitle "WFM"]
[WhiteElo "2083"]
[BlackElo "2024"]
[Board "32.2"]
[WhiteTeam "SIN"]
[BlackTeam "CAN"]
[WhiteFideId "5800919"]
[BlackFideId "1211285"]
[EventDate "2010.09.21"]
[EventType "team"]

1. d4 Nf6 2. Nf3 g6 3. c4 Bg7 4. Nc3 O-O 5. e4 d6 6. Be2 Nc6 7. d5 Ne5 8. Nxe5
dxe5 9. O-O e6 10. Bg5 exd5 11. cxd5 h6 12. Be3 Ne8 13. Rc1 g5 14. Qb3 a6 15.
Rfd1 Nd6 16. f3 f5 17. Na4 fxe4 18. fxe4 Kh8 19. Nc5 b6 20. Ne6 Bxe6 21. dxe6
Qe7 22. Rc6 Rad8 23. Rdc1 Rf6 24. Rxc7 Qxe6 25. Qxe6 Rxe6 26. Rd1 Rde8 27. Rc6
Nb5 28. Rxe6 Rxe6 29. Rd8+ Kh7 30. Bg4 Bf6 31. Rd7+ Re7 32. Bxb6 Rxd7 33. Bxd7
Nd6 34. b3 Kg7 35. Bc6 Kf7 36. Bc5 Be7 37. Kf1 Ke6 38. b4 g4 39. a4 Bg5 40. b5
axb5 41. axb5 h5 42. b6 h4 43. b7 Nxb7 44. Bxb7 Bf4 45. Bc8+ Kf6 46. g3 hxg3 47.
hxg3 Bxg3 48. Bxg4 Kg5 49. Bf5 Kf6 50. Ke2 Bf4 51. Be3 Bg3 52. Kd3 Be1 53. Kc4
Ba5 54. Kd5 Bc3 55. Bf2 Kg5 56. Bg3 Kf6 57. Bh4+ Kf7 58. Bg4 Bd4 59. Bh5+ Kg7
60. Ke6 Kh6 61. Bg4 Kg6 62. Bf6 Bf2 63. Bf5+ Kh6 64. Kxe5 Bg3+ 65. Kd5 Bf4 66.
e5 Bxe5 67. Kxe5 Kh5 68. Kf4 Kh6 69. Be4 Kh5 70. Kf5 Kh6 71. Bf3 Kh7 72. Kg5 Kg8
73. Bh5 Kh7 74. Bg6+ Kg8 75. Kh6 Kf8 76. Bg5 Kg8 77. Be7 Kh8 78. Be4 Kg8 79.
Bd5+ Kh8 80. Bf6# 1-0

[Event "39th Olympiad Women"]
[Site "Khanty-Mansiysk RUS"]
[Date "2010.09.28"]
[Round "7"]
[White "Orlova, Yelizaveta"]
[Black "Neo, Xiuwen Christabel"]
[Result "1-0"]
[WhiteElo "1917"]
[BlackElo "1846"]
[Board "32.3"]
[WhiteTeam "CAN"]
[BlackTeam "SIN"]
[WhiteFideId "2601826"]
[BlackFideId "5801494"]
[EventDate "2010.09.21"]
[EventType "team"]

1. d4 d5 2. Nf3 Nf6 3. g3 g6 4. Bg2 Bg7 5. O-O O-O 6. Nbd2 Na6 7. c4 c5 8. e3
Qb6 9. b3 Rd8 10. Bb2 Bf5 11. Ne5 Nb4 12. cxd5 Bd3 13. Ndc4 Bxc4 14. Nxc4 Qc7
15. e4 b5 16. Ne3 Nd7 17. a3 Na6 18. Rc1 Rab8 19. Qe2 Qb6 20. dxc5 Naxc5 21.
Bxg7 Kxg7 22. b4 Na4 23. Rc6 Qb7 24. f4 Rbc8 25. Rfc1 a6 26. e5 Nb8 27. Rxc8
Rxc8 28. Qd2 Qd7 29. Rxc8 Qxc8 30. d6 Qd7 31. Qd4 Kg8 32. Bh3 Qd8 33. Ng4 h5 34.
Nf2 Kh7 35. Nd3 Nb6 36. Qc5 exd6 37. exd6 Nc4 38. Qc7 Qxd6 39. Qxf7+ Kh6 40. Nf2
Nc6 41. g4 g5 42. fxg5+ 1-0

[Event "39th Olympiad Women"]
[Site "Khanty-Mansiysk RUS"]
[Date "2010.09.28"]
[Round "7"]
[White "Lo, Yin Ling Melissa"]
[Black "Kagramanov, Dalia"]
[Result "1-0"]
[WhiteElo "1814"]
[BlackElo "1866"]
[Board "32.4"]
[WhiteTeam "SIN"]
[BlackTeam "CAN"]
[WhiteFideId "5801001"]
[BlackFideId "2604728"]
[EventDate "2010.09.21"]
[EventType "team"]

1. d4 Nf6 2. c4 g6 3. Nc3 Bg7 4. e4 d6 5. h3 O-O 6. Bg5 c5 7. d5 e6 8. Bd3 exd5
9. cxd5 a6 10. a4 Qc7 11. Nf3 Nbd7 12. O-O h6 13. Be3 Ne8 14. Nd2 Ne5 15. Bc2 g5
16. f4 gxf4 17. Bxf4 Ng6 18. Be3 Rb8 19. Rb1 b5 20. axb5 axb5 21. Ne2 Nf6 22.
Bxh6 Bxh6 23. Rxf6 Qe7 24. Rf1 Be3+ 25. Kh1 Qh4 26. Rf3 Bg5 27. Rg3 Ne5 28. Nf3
Nxf3 29. Rxf3 Bg4 30. Rb3 c4 31. Rc3 b4 32. Rxc4 Qf2 33. Bd3 Bxh3 34. Qf1 Qxf1+
35. Rxf1 Bg4 36. Nd4 Kg7 37. Nf5+ Bxf5 38. Rxf5 Be3 39. Kh2 f6 40. Rc6 Bd4 41.
b3 Be5+ 42. Kg1 Ra8 43. Rf1 Rh8 44. Rfc1 Ra2 45. R1c2 Ra1+ 46. Kf2 Rb1 47. Bc4
Rh4 48. Re2 Rf4+ 49. Ke3 Rff1 50. Rc2 Rbe1+ 51. Be2 Bf4+ 52. Kd3 Rf2 53. Rc7+
Kh6 54. Rc8 Rxg2 55. Rh8+ Kg7 56. Rhc8 Rg3+ 57. Kc4 Rc3+ 58. Rxc3 bxc3 59. Bd3
Be5 60. b4 Re3 61. Rc6 Rh3 62. b5 Rh2 63. b6 Rb2 64. Rc7+ Kh6 65. b7 Kg5 66. Bc2
Kf4 67. Bb3 c2 68. Kb4 1-0

[Event "39th Olympiad Women"]
[Site "Khanty-Mansiysk RUS"]
[Date "2010.09.28"]
[Round "7"]
[White "Shabanaj, Alda"]
[Black "Thorsteinsdottir, Hallgerdur"]
[Result "0-1"]
[WhiteElo "1926"]
[BlackElo "1995"]
[Board "34.2"]
[WhiteTeam "ALB"]
[BlackTeam "ISL"]
[WhiteFideId "4700597"]
[BlackFideId "2302454"]
[EventDate "2010.09.21"]
[EventType "team"]

1. Nf3 Nf6 2. g3 g6 3. Bg2 Bg7 4. O-O O-O 5. c3 c5 6. d3 d5 7. Nbd2 Nc6 8. Qc2
b6 9. e4 dxe4 10. dxe4 Ba6 11. Re1 Qc7 12. e5 Nd7 13. e6 fxe6 14. Rxe6 Rf6 15.
Re1 Raf8 16. Ne4 Rxf3 17. Bxf3 Rxf3 18. Ng5 Rf5 19. Qa4 Bb7 20. Qc4+ Kh8 21.
Nf7+ Rxf7 22. Qxf7 Nce5 23. Qe8+ Nf8 24. Bf4 Nf3+ 25. Kf1 Ba6+ 26. Kg2 Qb7 27.
Kh3 Nxe1 28. Rxe1 Qf3 29. Qb8 Bd3 30. Re5 Bf1+ 31. Kh4 Bf6+ 32. Rg5 Qh5# 0-1

[Event "39th Olympiad Women"]
[Site "Khanty-Mansiysk RUS"]
[Date "2010.09.28"]
[Round "7"]
[White "Fridthjofsdottir, Sigurl. Regina"]
[Black "Cimaj, Rozana"]
[Result "1-0"]
[WhiteElo "1812"]
[BlackElo "1972"]
[Board "34.3"]
[WhiteTeam "ISL"]
[BlackTeam "ALB"]
[WhiteFideId "2300788"]
[BlackFideId "4700147"]
[EventDate "2010.09.21"]
[EventType "team"]

1. e4 e5 2. Nf3 Nc6 3. Bb5 d6 4. d4 exd4 5. Nxd4 Bd7 6. Nxc6 bxc6 7. Bc4 Nf6 8.
O-O Be7 9. Nc3 O-O 10. Re1 Ng4 11. Qe2 Bh4 12. Be3 Ne5 13. h3 Qf6 14. Rf1 Qg6
15. Kh1 Kh8 16. Bd3 f5 17. exf5 Bxf5 18. Bxf5 Rxf5 19. f4 Nd7 20. Qg4 Be7 21.
Qxg6 hxg6 22. g4 Rf7 23. Rae1 Bh4 24. Rd1 Re8 25. Bg1 Ref8 26. Kg2 Rxf4 27. Rxf4
Rxf4 28. Be3 Rf7 29. Rf1 Rxf1 30. Kxf1 Bf6 31. Nd1 Kg8 32. Ke2 Kf7 33. b3 Ke6
34. Nf2 d5 35. Nd3 g5 36. Bxa7 d4 37. Nc5+ Nxc5 38. Bxc5 Kd5 39. Ba3 c5 40. Kd3
c6 41. Bc1 Be7 42. Bd2 Bd8 43. a4 Bf6 44. Ba5 1-0